[Event "59th World Juniors 2022"]
[Site "Cala Gonone ITA"]
[Date "2022.10.18"]
[Round "7.38"]
[White "Dauw, Sterre"]
[Black "Boyer, Mahel"]
[Result "0-1"]
[WhiteTitle "FM"]
[BlackTitle "IM"]
[WhiteElo "2287"]
[BlackElo "2445"]
[WhiteFideId "248886"]
[BlackFideId "45102422"]
[EventDate "2022.10.12"]

1. e4 e6 2. d4 d5 3. e5 c5 4. c3 Qa5 5. Nf3 cxd4 6. Bd3 dxc3 7. Nxc3 d4 8. Bb5+
Bd7 9. Nxd4 Bxb5 10. Nxb5 a6 11. Nd6+ Bxd6 12. exd6 Nf6 13. O-O Nbd7 14. Qf3 Qb4
15. a3 Qb3 16. Rd1 O-O 17. Rd4 a5 18. a4 Rac8 19. Ra3 Qc2 20. Qd1 Qxd1+ 21. Rxd1
Rc6 22. Bg5 Rfc8 23. Kf1 Rc4 24. Rb3 b6 25. f3 h6 26. Bxf6 gxf6 27. Rb5 f5 28.
g3 f6 29. Ke2 Kf7 30. Ke3 R8c6 31. Rd2 h5 32. Kf2 e5 33. Rbd5 Ke6 34. Kg2 R4c5
35. R5d3 Rc4 36. Rd5 Rc8 37. Kh3 Rd8 38. Rb5 Rc6 39. Kh4 Nc5 40. Kxh5 Kf7 0-1

[Event "59th World Juniors 2022"]
[Site "Cala Gonone ITA"]
[Date "2022.10.18"]
[Round "7.39"]
[White "Nouri, Alekhine"]
[Black "Kanyamarala, Tarun"]
[Result "1/2-1/2"]
[WhiteTitle "FM"]
[BlackTitle "IM"]
[WhiteElo "2251"]
[BlackElo "2407"]
[WhiteFideId "5216184"]
[BlackFideId "45004714"]
[EventDate "2022.10.12"]

1. e4 c5 2. Nf3 Nc6 3. Nc3 d6 4. Bb5 e5 5. Bc4 Be7 6. d3 Nf6 7. h3 O-O 8. Bg5
Be6 9. Bxf6 Bxf6 10. a4 Nb4 11. O-O g6 12. Qd2 Bg7 13. a5 Qe7 14. Rfe1 h6 15.
Rab1 Rad8 16. b3 Kh7 17. a6 b6 18. Nd5 Nxd5 19. exd5 Bc8 20. b4 Qc7 21. bxc5
dxc5 22. h4 f5 23. Re2 Rfe8 24. Rbe1 Re7 25. Qc3 Rde8 26. Qb3 Qd6 27. h5 g5 28.
Nd2 g4 29. Bb5 Rd8 30. Bc6 Bxa6 31. Ra1 Bc8 32. Nc4 Qb8 33. d6 Rxd6 34. Nxd6
Qxd6 35. Bd5 g3 36. fxg3 e4 37. Rf1 Qxg3 38. dxe4 Bd4+ 39. Kh1 Qg5 40. Qh3 Bd7
41. e5 f4 42. e6 Qxd5 43. exd7 Be3 44. d8=Q Qxd8 45. Qf5+ Kg8 46. g3 Rf7 47.
Qg6+ Rg7 48. Qe6+ Kh7 49. Qf5+ Kh8 50. gxf4 Qh4+ 51. Rh2 Qg3 52. Qe5 Bf2 53.
Qe8+ Rg8 54. Qe5+ Rg7 55. Qe8+ 1/2-1/2

[Event "59th World Juniors 2022"]
[Site "Cala Gonone ITA"]
[Date "2022.10.18"]
[Round "7.40"]
[White "Di Benedetto, Edoardo"]
[Black "Winkelman, Albert"]
[Result "0-1"]
[WhiteTitle "IM"]
[BlackTitle "FM"]
[WhiteElo "2396"]
[BlackElo "2229"]
[WhiteFideId "875740"]
[BlackFideId "3219941"]
[EventDate "2022.10.12"]

1. d4 d5 2. c4 c6 3. Nc3 Nf6 4. Nf3 dxc4 5. a4 Bf5 6. e3 Nbd7 7. Bxc4 e6 8. O-O
Bd6 9. h3 h6 10. Re1 Bg6 11. Qb3 Qb6 12. e4 Qxb3 13. Bxb3 e5 14. dxe5 Nxe5 15.
Nxe5 Bxe5 16. f4 Bd4+ 17. Kf1 Nd7 18. Be3 Bxe3 19. Rxe3 f6 20. Rd1 Bh7 21. e5
fxe5 22. fxe5 Nc5 23. Ba2 a5 24. Rg3 g5 25. Rd6 Ke7 26. h4 Bg8 27. Bxg8 Raxg8
28. h5 Rf8+ 29. Kg1 Rf5 30. Re3 g4 31. Rg6 Rg5 32. Ne2 Rxg6 33. hxg6 Rg8 34. Nf4
Ne6 35. g3 Nxf4 36. gxf4 Rxg6 37. f5 Rg5 38. f6+ Ke6 39. Kg2 Rf5 40. Kg3 h5 41.
Kh4 b5 42. axb5 cxb5 43. b3 Rf3 44. Re1 g3 45. Kh3 h4 46. Re4 Rf5 47. Kxh4 g2
48. Rg4 Kxe5 49. Rxg2 Rxf6 50. Rg8 Kd4 51. Rc8 Rf5 52. Rc1 Rc5 53. Ra1 Kc3 54.
Rxa5 Kb4 55. Ra8 Kxb3 56. Kg4 Kc3 57. Kf3 Re5 58. Ra3+ Kc4 59. Ra5 Re8 60. Ra1
b4 61. Rc1+ Kb3 62. Rb1+ Kc3 63. Rc1+ Kb2 64. Rc8 Rxc8 0-1

[Event "59th World Juniors 2022"]
[Site "Cala Gonone ITA"]
[Date "2022.10.18"]
[Round "7.41"]
[White "Tan, Jun Ying"]
[Black "Gatineau, Yovann"]
[Result "1-0"]
[WhiteTitle "CM"]
[BlackTitle "IM"]
[WhiteElo "2189"]
[BlackElo "2375"]
[WhiteFideId "5710413"]
[BlackFideId "26028999"]
[EventDate "2022.10.12"]

1. d4 Nf6 2. c4 e6 3. Nc3 Bb4 4. e3 O-O 5. Ne2 c6 6. a3 Ba5 7. c5 d5 8. cxd6
Qxd6 9. b4 Bc7 10. g3 a5 11. b5 cxb5 12. Bg2 Qb6 13. Qb3 b4 14. axb4 Nc6 15. b5
Nb4 16. O-O Bd7 17. Ba3 Bd6 18. e4 e5 19. dxe5 Bxe5 20. Bxb4 axb4 21. Rxa8 Rxa8
22. Qxb4 h5 23. h3 Rc8 24. Kh1 h4 25. gxh4 Be6 26. f4 Rc4 27. Qa3 Bd6 28. Qb2
Bb4 29. e5 Nh5 30. Nd5 Qxb5 31. Ne3 Rc7 32. Kh2 Qc5 33. Qd4 Qe7 34. f5 Ba2 35.
f6 Qc5 36. Qd8+ Kh7 37. Nd5 Bxd5 38. fxg7 Nxg7 39. Bxd5 Qc2 40. Rf2 Be7 41. Be4+
Qxe4 42. Qxc7 Bxh4 43. Rg2 Qf5 44. Qxb7 Qxe5+ 45. Kh1 Qf5 46. Rg4 Bg5 47. Qg2
Bf6 48. Qe4 Qxe4+ 49. Rxe4 Ba1 50. Kg2 f6 51. Kf3 Kg6 52. Nf4+ Kh6 53. Re1 Be5
54. Kg4 Bxf4 55. Kxf4 Kg6 56. Rg1+ Kf7 57. h4 Nh5+ 58. Kf5 Ng7+ 59. Kg4 Kg6 60.
Rf1 Ne6 61. Rf5 Nd4 62. h5+ Kg7 63. Rd5 Nc6 64. Rd6 Ne5+ 65. Kf5 Nc4 66. Rxf6
Ne3+ 67. Kg5 Nd5 68. Rd6 Ne7 69. Rd7 Kf8 70. h6 Nc6 71. h7 Na5 72. h8=Q# 1-0

[Event "59th World Juniors 2022"]
[Site "Cala Gonone ITA"]
[Date "2022.10.18"]
[Round "7.42"]
[White "Lux, Hugo de Melo"]
[Black "Casadio, Niccolo'"]
[Result "1-0"]
[WhiteTitle "FM"]
[WhiteElo "2309"]
[BlackElo "2201"]
[WhiteFideId "2138298"]
[BlackFideId "2827951"]
[EventDate "2022.10.12"]

1. Nf3 e6 2. g3 Nf6 3. Bg2 d5 4. O-O Be7 5. c4 O-O 6. b3 b6 7. Bb2 Bb7 8. cxd5
Nxd5 9. d4 a5 10. Re1 Nd7 11. e4 N5f6 12. Nc3 Qb8 13. Qd3 Rd8 14. Rad1 Bb4 15.
Qc2 c5 16. d5 e5 17. a3 Bxc3 18. Qxc3 Re8 19. Nh4 g6 20. f4 Nh5 21. Bh3 Nhf6 22.
Nf3 Nxe4 23. Rxe4 Nf6 24. Rxe5 Rxe5 25. Nxe5 Nxd5 26. Rxd5 Bxd5 27. Nd7 1-0

[Event "59th World Juniors 2022"]
[Site "Cala Gonone ITA"]
[Date "2022.10.18"]
[Round "7.43"]
[White "Stolyarsky, Yegor"]
[Black "Carlo, Emanuele"]
[Result "0-1"]
[BlackTitle "FM"]
[WhiteElo "1987"]
[BlackElo "2306"]
[WhiteFideId "2814595"]
[BlackFideId "2825380"]
[EventDate "2022.10.12"]

1. d4 d5 2. c4 e6 3. Nf3 Nf6 4. g3 dxc4 5. Bg2 a6 6. O-O Nc6 7. Nbd2 Nxd4 8.
Nxc4 Nxf3+ 9. Bxf3 Qxd1 10. Rxd1 Be7 11. Na5 Nd5 12. e4 Nb4 13. Bf4 Bd6 14. Bxd6
cxd6 15. a3 Nc6 16. Nxc6 bxc6 17. Rxd6 Bb7 18. e5 O-O 19. Rad1 a5 20. Bxc6 Bxc6
21. Rxc6 Rfb8 22. Rd2 Rb5 23. f4 h6 24. Rc7 g5 25. Rdd7 Rf8 26. Rb7 Rc5 27. Kf2
Rc2+ 28. Kf3 gxf4 29. gxf4 Rxh2 30. Kg3 Re2 31. Kg4 Re3 32. Ra7 Kg7 33. Rxa5 h5+
34. Kh4 Kh6 0-1

[Event "59th World Juniors 2022"]
[Site "Cala Gonone ITA"]
[Date "2022.10.18"]
[Round "7.45"]
[White "Raahul, V S"]
[Black "Sitbon, Itay"]
[Result "1/2-1/2"]
[WhiteTitle "IM"]
[WhiteElo "2333"]
[BlackElo "2133"]
[WhiteFideId "25035525"]
[BlackFideId "2820706"]
[EventDate "2022.10.12"]

1. c4 e5 2. Nc3 Bb4 3. g3 Bxc3 4. bxc3 d6 5. Bg2 Nc6 6. d4 Nf6 7. Nf3 O-O 8. O-O
e4 9. Ne1 Re8 10. Nc2 b6 11. Bg5 Na5 12. f3 e3 13. Nxe3 h6 14. Bxf6 Qxf6 15. Nd5
Qd8 16. f4 Ba6 17. Nb4 Bxc4 18. Bxa8 Bxe2 19. Qa4 Qxa8 20. Rae1 c6 21. Rf2 Bg4
22. Rxe8+ Qxe8 23. Qc2 Qe1+ 24. Rf1 Qe3+ 25. Qf2 Qxc3 26. Nc2 Nc4 27. Re1 Nd2
28. Re8+ Kh7 29. Ne1 d5 30. Qe3 Qc1 31. Kg2 Qb2 32. Qf2 Qc3 33. Qe3 1/2-1/2

[Event "59th World Juniors 2022"]
[Site "Cala Gonone ITA"]
[Date "2022.10.18"]
[Round "7.46"]
[White "Pennica, Andrea"]
[Black "Wartiovaara, Oliver"]
[Result "0-1"]
[WhiteElo "2037"]
[BlackElo "2297"]
[WhiteFideId "2816828"]
[BlackFideId "513024"]
[EventDate "2022.10.12"]

1. c4 g6 2. Nf3 Bg7 3. Nc3 c5 4. e3 Nf6 5. d4 cxd4 6. exd4 d5 7. Qb3 dxc4 8.
Bxc4 O-O 9. Ne5 e6 10. Be3 Nc6 11. Nxc6 bxc6 12. O-O Ng4 13. Rad1 Qc7 14. g3 Rb8
15. Qa3 Nxe3 16. fxe3 e5 17. Qc5 Qb6 18. Ne4 Bg4 19. Rd2 exd4 20. exd4 Qxc5 21.
dxc5 Rxb2 22. Rxb2 Bxb2 23. Nf6+ Bxf6 24. Rxf6 Be6 25. Bxe6 Kg7 26. Rf4 fxe6 27.
Ra4 Rf7 28. Ra6 Rc7 29. Kf2 Kf6 30. Ke3 Ke5 31. Kd3 Kd5 32. Ra5 e5 33. h4 h5 34.
Ke3 Re7 35. a3 e4 36. Ra4 Kxc5 37. Rd4 Re6 38. Rd7 a5 39. Rd4 Kb5 0-1

[Event "59th World Juniors 2022"]
[Site "Cala Gonone ITA"]
[Date "2022.10.18"]
[Round "7.47"]
[White "Liloni, Francesco Mattia"]
[Black "Vagman, Roy"]
[Result "0-1"]
[BlackTitle "FM"]
[WhiteElo "1876"]
[BlackElo "2274"]
[WhiteFideId "2872264"]
[BlackFideId "2828995"]
[EventDate "2022.10.12"]

1. e4 c5 2. Nc3 d6 3. d4 cxd4 4. Qxd4 Nc6 5. Qd2 g6 6. b3 Bh6 7. f4 Nf6 8. Bb2
O-O 9. Nf3 e5 10. g3 Re8 11. O-O-O Bg4 12. Be2 Bxf3 13. Bxf3 Nd4 14. Bg2 Rc8 15.
Kb1 b5 16. Rc1 Qa5 17. Rhd1 Qb6 18. Nd5 Nxd5 19. Bxd4 exd4 20. exd5 Bg7 21. f5
Re3 22. Rf1 Rce8 23. fxg6 hxg6 24. Rf2 d3 25. cxd3 Rxd3 26. Qf4 f5 27. Rc6 Qa5
28. Rc1 Qa3 29. Rcf1 Rxb3+ 30. axb3 Qxb3+ 31. Kc1 Rc8+ 0-1

[Event "59th World Juniors 2022"]
[Site "Cala Gonone ITA"]
[Date "2022.10.18"]
[Round "7.48"]
[White "Asllani, Dorian"]
[Black "Javornik, Nik"]
[Result "1-0"]
[WhiteElo "2202"]
[BlackElo "2064"]
[WhiteFideId "1341332"]
[BlackFideId "14636549"]
[EventDate "2022.10.12"]

1. d4 Nf6 2. c4 g6 3. Nc3 Bg7 4. e4 d6 5. f4 c5 6. d5 O-O 7. Nf3 e6 8. Be2 exd5
9. cxd5 Re8 10. e5 dxe5 11. fxe5 Ng4 12. e6 fxe6 13. d6 Nc6 14. O-O Bd7 15. Ne4
Rf8 16. Kh1 Qb6 17. h3 Nh6 18. Be3 Nf5 19. Bxc5 Ng3+ 20. Nxg3 Qxc5 21. Qd2 Rac8
22. Ne4 Qb4 23. Qe3 Nd4 24. Nxd4 Qxd4 25. Rxf8+ Rxf8 26. Qxd4 Bxd4 27. Rd1 Bb6
28. Bf3 Kg7 29. Nd2 e5 30. Nc4 Bd4 31. Bxb7 Be6 32. Nd2 Rd8 33. Ne4 Bxa2 34. Rc1
Bb6 35. Rc7+ Bxc7 36. dxc7 Rd1+ 37. Kh2 Be6 38. Nc5 Bf5 39. g4 Rd2+ 40. Kg3 Rc2
41. gxf5 Rxc5 42. c8=Q Rxc8 43. Bxc8 Kf6 44. fxg6 hxg6 45. Kg4 a5 46. b3 1-0

[Event "59th World Juniors 2022"]
[Site "Cala Gonone ITA"]
[Date "2022.10.18"]
[Round "7.49"]
[White "Cotic, Borna"]
[Black "Momin Fayzan"]
[Result "1-0"]
[WhiteElo "2133"]
[BlackElo "1974"]
[WhiteFideId "14542307"]
[BlackFideId "7805225"]
[EventDate "2022.10.12"]

1. e4 c5 2. Nf3 d6 3. d4 cxd4 4. Nxd4 Nf6 5. f3 e5 6. Nb3 d5 7. Bg5 Be6 8. exd5
Qxd5 9. Qxd5 Nxd5 10. Bb5+ Nc6 11. O-O a6 12. Be2 Rc8 13. c4 Nb6 14. N1d2 Na4
15. Rab1 b6 16. Be3 Bf5 17. Ne4 Bxe4 18. fxe4 Bc5 19. Nxc5 bxc5 20. Bd1 Nb6 21.
Bxc5 Nxc4 22. Bb3 N6a5 23. Ba4+ Nc6 24. Rfd1 h5 25. b3 Na5 26. Rbc1 Rh6 27. Bd6
Re6 28. b4 1-0

[Event "59th World Juniors 2022"]
[Site "Cala Gonone ITA"]
[Date "2022.10.18"]
[Round "7.50"]
[White "Urbani, Gabriel"]
[Black "Dimakis, Stavros"]
[Result "0-1"]
[WhiteElo "2129"]
[BlackElo "1832"]
[WhiteFideId "2830138"]
[BlackFideId "25879472"]
[EventDate "2022.10.12"]

1. e4 e5 2. Nf3 Nc6 3. Bb5 a6 4. Bxc6 dxc6 5. O-O Bg4 6. h3 h5 7. d3 Bc5 8. hxg4
hxg4 9. Ng5 Qd7 10. d4 O-O-O 11. Nxf7 Qxf7 12. Qxg4+ Kb8 13. dxc5 Nf6 14. Qe2
Rh5 15. f3 Rdh8 16. Kf2 Rh2 17. Ke1 Nh5 18. Qf2 Qg6 19. Rg1 Ng3 20. Nc3 Nh1 21.
Qf1 Qg3+ 22. Kd1 Nf2+ 23. Ke2 Nh3 24. Be3 Nxg1+ 25. Bxg1 Rxg2+ 26. Kd3 Rf8 27.
Kc4 Rxf3 28. Qd1 Qg4 29. Qd8+ Qc8 30. Qe7 Qg8+ 31. Kb4 Rxc2 32. Qxe5 a5+ 33.
Kxa5 Qc4 34. Rb1 Rfxc3 35. bxc3 Rxa2# 0-1

[Event "59th World Juniors 2022"]
[Site "Cala Gonone ITA"]
[Date "2022.10.18"]
[Round "7.51"]
[White "Djurovic, Peko"]
[Black "Gagic, Milan A"]
[Result "0-1"]
[WhiteElo "2084"]
[BlackElo "2125"]
[WhiteFideId "16503902"]
[BlackFideId "979805"]
[EventDate "2022.10.12"]

1. e4 e6 2. d4 d5 3. Nc3 Bb4 4. e5 Ne7 5. a3 Bxc3+ 6. bxc3 b6 7. Qg4 Ng6 8. a4
Ba6 9. Bxa6 Nxa6 10. a5 Nb8 11. axb6 cxb6 12. Ne2 Nc6 13. Ng3 Qh4 14. Qe2 O-O
15. O-O Rfc8 16. f4 Nge7 17. Rf3 Nf5 18. Nxf5 exf5 19. Rh3 Qg4 20. Qxg4 fxg4 21.
Rh4 Ne7 22. Bd2 Nf5 23. Rxg4 a5 24. h4 h6 25. Kf2 b5 26. Ke2 Rc4 27. Kd3 a4 28.
h5 Rac8 29. Ra2 R8c6 30. Be1 Kf8 31. Bd2 Ke7 32. Be1 Kd7 33. Bd2 Kc7 34. Be1 Kb6
35. Bd2 Rc7 36. Be1 Rc8 37. Ra1 R8c7 38. Ra2 Ka5 39. Bd2 R7c6 40. Ra1 Ka6 41.
Ra2 Kb7 42. Be1 Ra6 43. Bd2 Kc8 44. Ra1 Kd7 45. Ra2 Re6 46. Be1 Re7 47. Bd2 Kc6
48. Bc1 b4 49. Bd2 Kb5 50. cxb4 Rxd4+ 51. Ke2 Rxe5+ 52. fxe5 Rxg4 53. Kf2 Re4
54. Ra3 Rxe5 55. Rc3 Nd6 56. Rc5+ Kb6 57. Kg1 Ne4 58. Bc3 Re8 0-1

[Event "59th World Juniors 2022"]
[Site "Cala Gonone ITA"]
[Date "2022.10.18"]
[Round "7.52"]
[White "Ballesteros Cardenas, Leonardo"]
[Black "van der Merwe, Alexander"]
[Result "0-1"]
[WhiteTitle "CM"]
[WhiteElo "2121"]
[BlackElo "1746"]
[WhiteFideId "3428141"]
[BlackFideId "14323842"]
[EventDate "2022.10.12"]

1. d4 Nf6 2. c4 g6 3. f3 d5 4. cxd5 Nxd5 5. e4 Nb6 6. Nc3 Bg7 7. Be3 O-O 8. Qd2
e5 9. d5 c6 10. h4 cxd5 11. exd5 N8d7 12. h5 Nf6 13. O-O-O Nxh5 14. Bh6 f5 15.
Bxg7 Kxg7 16. g4 fxg4 17. fxg4 Bxg4 18. Be2 Rf4 19. Nh3 Nc4 20. Qe1 Bxh3 21.
Bxc4 Qg5 22. Qe3 Bg4 23. Rde1 Rf5 24. Qxg5 Rxg5 25. Ne4 Rf5 26. Nd6 Rf4 27. b3
e4 28. Nxb7 Rb8 29. Nc5 Nf6 30. Rhg1 Rc8 31. Ne6+ Bxe6 32. dxe6 a5 33. a4 h5 34.
Rg5 Rf5 35. Rg2 Re5 36. Kd2 Ng4 37. Ke2 Rf8 38. Rd1 e3 39. Rd7+ Kh6 40. Ke1 Rf2
41. Rxf2 exf2+ 42. Kf1 Re1+ 43. Kg2 Rg1+ 44. Kh3 f1=Q+ 45. Bxf1 Rxf1 46. Ra7
Rf3+ 47. Kg2 Rxb3 48. Rxa5 h4 49. Rb5 h3+ 50. Kf1 Re3 51. Rb1 Rxe6 52. a5 Kh5
53. Kg1 Kh4 54. a6 Rxa6 55. Kh1 g5 56. Rc1 Nh6 57. Rc3 Ra1+ 0-1

[Event "59th World Juniors 2022"]
[Site "Cala Gonone ITA"]
[Date "2022.10.18"]
[Round "7.53"]
[White "Carroll, Peter"]
[Black "Ghaith Saeed Alnuaimi"]
[Result "1-0"]
[WhiteTitle "CM"]
[WhiteElo "2115"]
[BlackElo "1269"]
[WhiteFideId "2510243"]
[BlackFideId "9309152"]
[EventDate "2022.10.12"]

1. e4 c6 2. d4 d5 3. e5 Bf5 4. g4 Bd7 5. c4 e6 6. Nc3 dxc4 7. Bxc4 Na6 8. Nf3
Nc7 9. Bg5 Be7 10. Bxe7 Nxe7 11. Ne4 O-O 12. Qd3 Ncd5 13. h4 Qa5+ 14. Kf1 f6 15.
exf6 Nxf6 16. Nc5 b6 17. Nxd7 Nxd7 18. Bxe6+ Kh8 19. Bxd7 Qd5 20. Bf5 Nxf5 21.
gxf5 Rxf5 22. Rh3 Raf8 23. Kg2 g5 24. hxg5 Rxg5+ 25. Rg3 Rxg3+ 26. fxg3 c5 27.
Rh1 Rf7 28. Qc3 c4 29. Qe3 Qb7 30. Rh5 1-0

[Event "59th World Juniors 2022"]
[Site "Cala Gonone ITA"]
[Date "2022.10.18"]
[Round "7.54"]
[White "Monferrato, Rocco"]
[Black "Tripodi, Enzo"]
[Result "0-1"]
[WhiteElo "1563"]
[BlackElo "2113"]
[WhiteFideId "3016536"]
[BlackFideId "2822674"]
[EventDate "2022.10.12"]

1. d4 f5 2. c4 Nf6 3. Nc3 g6 4. Nf3 Bg7 5. e3 d6 6. Bd3 c6 7. Qc2 O-O 8. O-O Qc7
9. e4 fxe4 10. Nxe4 Nxe4 11. Bxe4 Nd7 12. Be3 Nf6 13. Bd3 Ng4 14. h3 Nh6 15.
Bxh6 Bxh6 16. Rfe1 Bxh3 17. Re2 Qd7 18. Nh2 Bf5 19. Rae1 Rae8 20. Bxf5 Rxf5 21.
Nf3 Bg7 22. Qb3 e6 23. d5 e5 24. Nd4 Rf7 25. Ne6 Rxe6 26. dxe6 Qxe6 27. Qb4 h5
28. Rd1 Qg4 29. Red2 d5 30. Qc5 d4 31. Qxa7 h4 32. Kh2 Bh6 33. Qb8+ Rf8 34. Qxe5
Bf4+ 35. Qxf4 Rxf4 0-1

[Event "59th World Juniors 2022"]
[Site "Cala Gonone ITA"]
[Date "2022.10.18"]
[Round "7.55"]
[White "Cappelletto, Joshuaede"]
[Black "Gov, Guy"]
[Result "1-0"]
[WhiteTitle "FM"]
[WhiteElo "2337"]
[BlackElo "2121"]
[WhiteFideId "2824383"]
[BlackFideId "2820200"]
[EventDate "2022.10.12"]

1. d4 Nf6 2. Nf3 e6 3. Bg5 d5 4. Nbd2 Be7 5. Bxf6 Bxf6 6. e4 b6 7. e5 Be7 8. c3
a5 9. h4 Ba6 10. Bxa6 Rxa6 11. Nf1 c5 12. Ne3 Nc6 13. Kf1 b5 14. h5 h6 15. Rh3
Qb8 16. Rg3 Rg8 17. Qd3 cxd4 18. cxd4 Kd7 19. Kg1 Rb6 20. Rc1 a4 21. Rg4 Nb4 22.
Qb1 Rc6 23. Rd1 Qc8 24. Ne1 Qf8 25. a3 Na6 26. Qd3 Qb8 27. Rf4 f5 28. exf6 Qxf4
29. fxe7 Kxe7 30. Nf3 Qc7 31. Qh7 Qc8 32. Ng4 Kd6 33. Kh2 Rc7 34. Nfe5 Qe8 35.
Kg1 Nb8 36. Qd3 Rf8 37. Qg3 Rf5 38. Ne3 Qxh5 39. Nc6+ e5 40. Nxf5+ Kxc6 41. Rc1+
Kb6 42. Rxc7 Qd1+ 43. Kh2 Qh5+ 44. Qh3 Qxh3+ 45. Kxh3 Kxc7 46. dxe5 Nc6 47. f4
g5 48. g3 gxf4 49. gxf4 Na5 50. Nd4 Nc4 51. e6 Kd6 52. Kg4 b4 53. axb4 Nxb2 54.
Kf5 Ke7 55. Kg6 Nd3 56. f5 Nf4+ 57. Kg7 Nh5+ 58. Kxh6 Nf6 59. Nc2 Ne8 60. Kg6
Nc7 61. f6+ Kxe6 62. Nd4+ Kd6 63. f7 Ke7 64. Kg7 Ne8+ 65. fxe8=Q+ Kxe8 66. Kf6
Kd7 67. Ke5 a3 68. Kxd5 1-0

[Event "59th World Juniors 2022"]
[Site "Cala Gonone ITA"]
[Date "2022.10.18"]
[Round "7.56"]
[White "Candian, Lorenzo"]
[Black "De Ieso, Lorenzo"]
[Result "1-0"]
[WhiteElo "2022"]
[BlackElo "1938"]
[WhiteFideId "2863664"]
[BlackFideId "2894101"]
[EventDate "2022.10.12"]

1. e4 c5 2. Nf3 d6 3. d4 cxd4 4. Qxd4 Nc6 5. Bb5 Bd7 6. Bxc6 Bxc6 7. Nc3 e5 8.
Qd3 h6 9. Be3 Nf6 10. h3 Be7 11. O-O-O a6 12. g4 Qc7 13. g5 hxg5 14. Nxg5 b5 15.
Rhg1 Rc8 16. Kb1 b4 17. Nd5 Nxd5 18. exd5 Bb5 19. Qf5 Rf8 20. Nh7 g6 21. Qe4 Rg8
22. f4 f5 23. Qg2 e4 24. Qd2 Bd8 25. Ng5 Bf6 26. Rg2 Bc3 27. Qc1 Qa5 28. b3 Qc7
29. Ne6 Qh7 30. Rg3 a5 31. Bd4 Bxd4 32. Nxd4 Bd7 33. Qe3 a4 34. Qd2 Qh4 35. Rdg1
Rc3 36. Rxc3 bxc3 37. Qe3 axb3 38. cxb3 Ke7 39. Kc2 Qh8 40. a4 Qf6 41. a5 Ra8
42. Ra1 Qf7 43. Nc6+ Bxc6 44. dxc6 Qd5 45. Qxc3 Rc8 46. Rd1 Qxc6 47. Qxc6 Rxc6+
48. Kb2 Ke6 49. b4 d5 50. Rg1 Kf6 51. Ra1 e3 52. a6 e2 53. a7 Rc8 54. b5 d4 55.
b6 d3 56. b7 d2 57. bxc8=Q e1=Q 58. Rxe1 dxe1=Q 59. Qc3+ 1-0

[Event "59th World Juniors 2022"]
[Site "Cala Gonone ITA"]
[Date "2022.10.18"]
[Round "7.57"]
[White "Karsten, Jan"]
[Black "Persico, Lorenzo"]
[Result "1-0"]
[WhiteElo "1985"]
[BlackElo "2007"]
[WhiteFideId "14350653"]
[BlackFideId "899240"]
[EventDate "2022.10.12"]

1. e4 e5 2. Nf3 Nc6 3. Bc4 Bc5 4. c3 Nf6 5. d3 d6 6. O-O a6 7. a4 Ba7 8. Re1 h6
9. Nbd2 O-O 10. h3 Re8 11. b4 Be6 12. Bxe6 Rxe6 13. Bb2 Nh5 14. Nf1 Rg6 15. Bc1
Qf6 16. N1h2 Nf4 17. Bxf4 Qxf4 18. Ra2 Qg3 19. Ng4 h5 20. d4 Qf4 21. g3 Rxg4 22.
hxg4 Qxg4 23. b5 Ne7 24. Nh4 Qe6 25. Rb2 Qc4 26. bxa6 bxa6 27. Nf3 Qxc3 28. Rc2
Qa5 29. dxe5 dxe5 30. Qd7 Bc5 31. Rec1 Ba3 32. Rd1 c6 33. Qb7 Rd8 34. Rxd8+ Qxd8
35. Rd2 Qa5 36. Qb3 Bb4 37. Ng5 Nd5 38. exd5 1-0

[Event "59th World Juniors 2022"]
[Site "Cala Gonone ITA"]
[Date "2022.10.18"]
[Round "7.58"]
[White "Porcu, Riccardo"]
[Black "Vairo, Rocco Enrico"]
[Result "0-1"]
[WhiteElo "1759"]
[BlackElo "1960"]
[WhiteFideId "28536690"]
[BlackFideId "2839437"]
[EventDate "2022.10.12"]

1. d4 Nf6 2. Bf4 e6 3. e3 c5 4. Nf3 b6 5. Nc3 cxd4 6. exd4 Bb7 7. Nb5 d6 8. Bd3
a6 9. Nc3 Be7 10. Qe2 Nbd7 11. O-O-O b5 12. g4 Nb6 13. Ne4 Nxe4 14. Bxe4 Bxe4
15. Qxe4 Nd5 16. Bd2 Rc8 17. Kb1 b4 18. Qd3 Qb6 19. Ka1 Qc6 20. h4 Qc4 21. Qxc4
Rxc4 22. Kb1 Kd7 23. Be3 Rhc8 24. Rd2 a5 25. g5 a4 26. h5 Bd8 27. g6 fxg6 28. h6
gxh6 29. Rxh6 Nf6 30. Bg5 Ne4 31. Rxh7+ Kc6 32. Be3 Kd5 33. Re2 a3 34. Rg7 axb2
35. Kxb2 Nc3 36. Re1 Na4+ 37. Kb3 Ra8 38. Bd2 Nc3 39. Ra1 Ra3+ 40. Kb2 Na4+ 41.
Kc1 Rxf3 0-1

[Event "59th World Juniors 2022"]
[Site "Cala Gonone ITA"]
[Date "2022.10.18"]
[Round "7.59"]
[White "Abdulla Younes Alkhemeiri"]
[Black "Vivoli, Alessandro"]
[Result "1/2-1/2"]
[WhiteElo "1405"]
[BlackElo "1555"]
[WhiteFideId "9324577"]
[BlackFideId "11800240"]
[EventDate "2022.10.12"]

1. d4 d5 2. c4 e6 3. Nc3 Nf6 4. Bg5 Be7 5. e3 c6 6. Nf3 O-O 7. Bd3 dxc4 8. Bxc4
Nd5 9. Bxe7 Qxe7 10. e4 Nxc3 11. bxc3 Nd7 12. O-O Rd8 13. Qc2 e5 14. Rad1 exd4
15. cxd4 Nb6 16. Rfe1 Nxc4 17. Qxc4 Bg4 18. Rd3 Bxf3 19. Rxf3 Rd6 20. h3 Rad8
21. Rd1 Qe6 22. Qxe6 Rxe6 23. Re3 Kf8 24. e5 Rd5 25. Red3 Re7 26. Kf1 Red7 27.
Ke2 Ke7 28. f4 Ke6 29. g4 g6 30. Ke3 Ra5 31. a3 Rb5 32. Ke4 f5+ 33. gxf5+ gxf5+
34. Ke3 Rg7 35. Kf2 Rb2+ 36. R1d2 Rxd2+ 37. Rxd2 Rd7 38. Ke3 Rg7 39. Kf3 Rd7 40.
Ke3 Rg7 41. Rf2 Rg3+ 42. Rf3 Rg2 43. Kd3 Ra2 44. Kc4 Rc2+ 45. Kb3 Rd2 46. Kc3
Ra2 47. Kb3 Rd2 48. Kc3 1/2-1/2

[Event "59th World Juniors 2022"]
[Site "Cala Gonone ITA"]
[Date "2022.10.18"]
[Round "7.60"]
[White "Ahmed Younes Alkhemeiri"]
[Black "Salem Muhsan Shuaib"]
[Result "1-0"]
[WhiteElo "1139"]
[BlackElo "1227"]
[WhiteFideId "9324585"]
[BlackFideId "9325824"]
[EventDate "2022.10.12"]

1. e4 c6 2. d4 d5 3. exd5 cxd5 4. Be2 Bf5 5. Nf3 Nf6 6. O-O e6 7. Bg5 Be7 8.
Nbd2 O-O 9. c3 Qc7 10. h3 Nbd7 11. Bb5 a6 12. Bxd7 Qxd7 13. Ne5 Qd8 14. Qb3 Rb8
15. Bf4 Bd6 16. Bh2 Nd7 17. Nxd7 Bxh2+ 18. Kxh2 Qxd7 19. Nf3 Rfc8 20. Rac1 Qc6
21. Kg1 f6 22. Nh4 Be4 23. Qd1 Qb5 24. b3 Rc7 25. f3 Bd3 26. a4 Be2 27. axb5
Bxd1 28. Rfxd1 g5 29. Re1 Kf7 30. c4 axb5 31. cxd5 Rxc1 32. Rxc1 gxh4 33. Rc7+
Kg6 34. dxe6 Re8 35. Rxb7 Rxe6 36. Rxb5 Re1+ 37. Kf2 Rd1 38. Rb4 Rd2+ 39. Kf1
Kf5 40. d5 Rxd5 41. Rxh4 Rb5 42. b4 Kg5 43. Rg4+ Kf5 44. Ke2 Rd5 45. Rh4 Kg6 46.
Ke3 f5 47. Rd4 Rb5 48. Kd3 Re5 49. Kc4 Re2 50. g4 fxg4 51. hxg4 Rc2+ 52. Kb5 Rb2
53. Kc5 Kg5 54. b5 Rb3 55. b6 Rxf3 56. b7 Rf8 57. Kb6 Rf6+ 58. Ka7 Rf7 59. Kb8
Rf8+ 60. Ka7 Rf7 61. Ka8 Rxb7 62. Kxb7 h6 63. Kc6 1-0